Asomar buranji (Record no. 11009)

MARC details
000 -LEADER
fixed length control field 00456cam a2200181ua 4500
001 - CONTROL NUMBER
control field 12265
005 - DATE AND TIME OF LATEST TRANSACTION
control field 20260515114846.0
008 - FIXED-LENGTH DATA ELEMENTS--GENERAL INFORMATION
fixed length control field 200821n ii |||gr||||Z||||||asm
040 ## - CATALOGING SOURCE
Transcribing agency MAIN
082 ## - DEWEY DECIMAL CLASSIFICATION NUMBER
Classification number 954.162
100 ## - MAIN ENTRY--PERSONAL NAME
Personal name Padmanath Gohainborooah,
Relator term Author.
245 ## - TITLE STATEMENT
Title Asomar buranji
Statement of responsibility, etc. By Padmanath Gohainborooah
250 ## - EDITION STATEMENT
Edition statement 2nd ed.
260 ## - PUBLICATION, DISTRIBUTION, ETC.
Place of publication, distribution, etc. Guwahati:
Name of publisher, distributor, etc. ABT publication,
Date of publication, distribution, etc. 2017.
300 ## - PHYSICAL DESCRIPTION
Extent 256p.
653 ## - INDEX TERM--UNCONTROLLED
Uncontrolled term South Asia India
942 ## - ADDED ENTRY ELEMENTS (KOHA)
Koha item type Books
Holdings
Withdrawn status Lost status Damaged status Not for loan Home library Current library Shelving location Date acquired Total checkouts Full call number Barcode Date last seen Date last checked out Copy number Price effective from Koha item type
        Naharkatiya College Library Naharkatiya College Library General stacks 09/19/2020 1 954.162History of assam | GOH 25931 02/01/2025 01/22/2025 1 09/19/2020 Books